01017 a2200181 4500003000500000005001700005040000900022082001200031100002300043245006300066260004700129300001400176505047100190650002200661942001200683999001900695952012100714Nust20230321133031.0 cNust a657,ELL aEllis,H.L.9110887 aThe Principles and Interpretation of Accounts /cH.L.Ellis aLondonbSlr Isaac Pitman & Sons, LTDc1947 aix,162 p. aGeneral Principles (Page-1), Accounting (Page-6), The Cash Book (Page-15), Capital (Page-19), Subsidiary Books and Departmental Accounts (Page-25), The Trial Balance Sectional Balancing (Page-30), The Trading Account Turnover (Page-41), Adjustments (Page-65), The Balance Sheet (Page-83), Limited Companies Balance Sheets (Page-98), Profits Inner Reserves (Page-111), Balance Sheet Analysis (Page-118), Cost Accounts (Page-137), Mechanization of Accounts (Page-146). aAccounting914627 2ddccBK c194855d194855 00102ddc4070aMCSbMCScGENd2016-12-12o657,ELLpMCS29998r2016-12-08w2016-12-12yBKzAlmirah No.75, Shelf No.1